000 00291nam a2200121Ia 4500
008 220204s9999 xx 000 0 und d
082 _a581.9
_bKEL
100 _aKELLMAN, Martin C
245 0 _aPlant geography.
260 _aLondon
_bMethuen
_c1975
650 _aPlant geography
942 _cBK
999 _c24433
_d24433